Macroeconomía en la economía general (Registro nro. 4257)

Detalles MARC
000 -LEADER
fixed length control field 02007 a2200241 4500
001 - CONTROL NUMBER
control field 46960
005 - DATE AND TIME OF LATEST TRANSACTION
control field 20260407155739.0
008 - FIXED-LENGTH DATA ELEMENTS--GENERAL INFORMATION
fixed length control field 260407a1994 arg spa d
003 - CONTROL NUMBER IDENTIFIER
control field AR-UNSa-BCEJYS
040 ## - CATALOGING SOURCE
Original cataloging agency AR-UNSa-BCEJYS
Language of cataloging spa
Transcribing agency AR-UNSa-BCEJYS
080 ## - UNIVERSAL DECIMAL CLASSIFICATION NUMBER
Universal Decimal Classification number 330.101.541
Common auxiliary subdivision Macroeconomía
020 ## - INTERNATIONAL STANDARD BOOK NUMBER
International Standard Book Number 968-880-289-1
100 1# - MAIN ENTRY--PERSONAL NAME
Personal name Sachs, Jeffrey D.
245 10 - TITLE STATEMENT
Title Macroeconomía en la economía general
264 #1 - PRODUCTION, PUBLICATION, DISTRIBUTION, MANUFACTURE, AND COPYRIGHT NOTICE
Place of production, publication, distribution, manufacture México :
Name of producer, publisher, distributor, manufacturer Prentice-Hall
Date of production, publication, distribution, manufacture, or copyright notice 1994
300 ## - PHYSICAL DESCRIPTION
Extent 789
Dimensions 26 cm.
505 ## - FORMATTED CONTENTS NOTE
Formatted contents note Parte I: Introducción: 1. Introducción - 2. Conceptos básicos en macroeconomía - 3. Determinación del producto: introducción de la oferta agregada y la demanda agregada -- Parte II: Economía Intertemporal: 4. Consumo y ahorro - 5. La inversión - 6. Ahorro, Inversión y la cuenta corriente - 7. El sector Gobierno -- Parte III: Economía Monetaria: 8. Demanda por dinero - 9. El proceso de oferta monetaria - 10. Dinero, tipo de cambio y precios - 11. Inflación: Aspectos fiscales y monetarios -- Parte IV: Determinación del producto, políticas de estabilización y crecimiento: 12. Políticas macroeconómicas y determinación del producto en una economía cerrada - 13. Políticas macroeconómicas en la economía abierta bajo tipo de cambio fijo - 14. Políticas macroeconómicas en la economía abierta bajo tipo de cambio flexible - 15. Inflación y desempleo - 16. Determinantes institucionales de los salarios y el desempleo - 17. El ciclo económico - 18. Crecimiento económico -- Parte V: Temas especiales en macroeconomía: 19. Teoría y práctica de la política económica - 20. Mercados financieros - 21. Bienes transables y no transables - 22. La crisis de deuda de los países en desarrollo - 23. Cómo detener una alta inflación.
590 ## - LOCAL NOTE (RLIN)
Local note niveau_biblio:m niveau_hierar:0
700 1# - ADDED ENTRY--PERSONAL NAME
Personal name Larraín B., Felipe
700 1# - ADDED ENTRY--PERSONAL NAME
Personal name Muñoz Gomá, Roberto
856 41 - ELECTRONIC LOCATION AND ACCESS
Uniform Resource Identifier <a href="https://www.biblioeco.unsa.edu.ar/pmb/images/libros/L127356.jpg">https://www.biblioeco.unsa.edu.ar/pmb/images/libros/L127356.jpg</a>
Link text Imagen de portada
Electronic format type image/jpeg
942 ## - ADDED ENTRY ELEMENTS (KOHA)
Koha item type
Existencias
Withdrawn status Lost status Damaged status Not for loan Home library Current library Shelving location Date acquired Total checkouts Full call number Barcode Date last seen Price effective from Koha item type
        Biblioteca Prof. Eusebio Cleto del Rey Biblioteca Prof. Eusebio Cleto del Rey   07/04/2026   330.101.541 S121 L127356 07/04/2026 07/04/2026 Libro